00305pab a2200121 454500008004000000100002100040245004800061260000900109300001300118362001100131650002100142773002000163180718b2015 xxu||||| |||| 00| 0 eng d aHegde, Ganesh A. aAutonomous colleges: Review of stakeholders c2015 ap.89-95. a16 Feb aHigher education aUniversity News